000
00269nam a22001097a 4500
082
_a
590/SIN
100
_a
Singh,H.S.
_9
81384
245
_a
Asiiatic Lion Reviving the Pride of Gir
260
_a
New Delhi
_b
Publication Division
_c
2019
650
_a
Zoology
942
_c
BK
999
_c
65387
_d
65387